| 000 | 00879cab a2200301 4500 | ||
|---|---|---|---|
| 001 | ABS54448 | ||
| 008 | 090401t1996 xxu||||| |||| 00| 0 eng d | ||
| 035 | _a(Sirsi) u10407 | ||
| 041 | _aeng | ||
| 100 | _aStein, M. | ||
| 245 | _aTaxing time for architects | ||
| 260 | _c1996 | ||
| 350 | _a0 | ||
| 490 |
_aArchitects` Journal _v203(1) 11 January 1996, 41-42 |
||
| 520 | _aA summary of VAT liabilities on construction of new buildings and restoration and refurbishment of older buildings. | ||
| 650 | _aCONSTRUCTION INDUSTRY | ||
| 650 | _aMIXED USE | ||
| 650 | _aNEW BUILD | ||
| 650 | _aBUILT ENVIRONMENT-BUILDING MAINTENANCE AND REFURBISHMENT | ||
| 650 | _aRESTORATION | ||
| 650 | _aVALUE ADDED TAX | ||
| 650 | _aVAT LIABILITY | ||
| 650 | _aZERO-RATED BUILDINGS | ||
| 690 | _aBUILT ENVIRONMENT | ||
| 690 | _aTAXATION | ||
| 942 | _n0 | ||
| 948 | _c04/03/1997 | ||
| 999 |
_c6560 _d6560 |
||